Normal view
MARC view
Entry Personal Name
001 - CONTROL NUMBER
- control field: 13275
003 - CONTROL NUMBER IDENTIFIER
- control field: BD-RjUL
005 - DATE AND TIME OF LATEST TRANSACTION
- control field: 20240602182028.0
008 - FIXED-LENGTH DATA ELEMENTS
- fixed length control field: 240602|| aca||aabn | a|a d
040 ## - CATALOGING SOURCE
- Original cataloging agency: BD-RjUL
- Transcribing agency: BD-RjUL
100 ## - HEADING--PERSONAL NAME
- Personal name: Mondal, Md. Omar Ali
670 ## - SOURCE DATA FOUND
- Source citation: Work cat.: (BD-RjUL)83873: Mondal, Md. Omar Ali, Characterization of Karanja (DERRIS INDICA (LAMK.) BENNET.)and its efficcy against the red flour beetle, tribolium castaneum (Herbst) /, 2010